000 00277 a2200109 4500
000 nam a22 7a 4500
020 _a9780323485272
100 _aHolmstrom, Steven E.
245 _aVeterinary dentistry : a team approach
250 _aThird edition.
260 _bElsevier,
_c2019
999 _c86054
_d86054